000 01109cam a22003013a 4500
001 5552
003 FISKH
005 20241217135823.0
008 980317m19879999nyua j 000 1 eng d
010 _a 97808521
020 _a0590443801 (pbk.)
020 _a078073003990
035 _a(OCoLC)ocm38735876
040 _aIOC
_cIOC
_dDLC
_beng
050 _aPS3563.I417
082 _a793.73
100 1 _aMiller, Marvin,
_q(Marvin L.),
_d1936-
_eauthor.
245 1 0 _aYou be the jury /
_cMarvin Miller ; Inside illustrations by Bob Roper
260 _aNew York :
_bScholastic,
_c1987.
300 _a86 pages :
_c20 cm
520 _aThe court is now in session, and you are the jury. You examine the evidence. You spot the clues. You decide: Guilty or Not Guilty. Ten courtroom mysteries with illustrated clues. Answers are given-but don't peek. The final verdict is up to you.
650 0 _aDetective and mystery stories.
655 7 _aMystery fiction.
_2gsafd
700 1 _aRoper, Bob,
_eillustrator
906 _a7
_bcbc
_ccopycat
_d2
_encip
_f19
_gy-genrareb
942 _2ddc
_cBK
_n0
999 _c5552
_d5552